Biblioteca y Centro de Documentación

Ecosostenible (Registro nro. 25988)

Detalles MARC
000 -CABECERA
Longitud fija campo de control 01190nas a2200373 c 4500
001 - NÚMERO DE CONTROL
Número de control 25988
003 - IDENTIFICADOR DE NÚMERO DE CONTROL
Identificador del número de control ES-MaCES
005 - FECHA Y HORA DE LA ÚLTIMA TRANSACCIÓN
Fecha y hora de la última transacción 20250314125112.0
008 - CAMPO FIJO DE DESCRIPCIÓN FIJA--INFORMACIÓN GENERAL
Códigos de información de longitud fija   050330u1999 sp mr p g | b0spa d
017 ## - NÚMERO DE REGISTRO DE DERECHOS DE AUTOR Y DEPÓSITO LEGAL
Número de copyright o de depósito legal M 12057-2005
Agencia que asigna el número DL
035 ## - NÚMERO DE CONTROL DEL SISTEMA
Número de control del sistema CES20050000033p
040 ## - FUENTE DE CATALOGACIÓN
Centro catalogador de origen ES-MaCES
Lengua de catalogación spa
Centro transcriptor ES-MaCES
245 00 - MENCIÓN DE TÍTULO
Título Ecosostenible
260 ## - PUBLICACIÓN, DISTRIBUCIÓN, ETC (PIE DE IMPRENTA)
Lugar de publicación, distribución, etc. Las Rozas (Madrid)
Nombre del editor, distribuidor, etc. Ecoiuris
Fecha de publicación, distribución, etc. 2005-2006
300 ## - DESCRIPCIÓN FÍSICA
Extensión v.
Dimensiones 30 cm
310 ## - PERIODICIDAD ACTUAL DE LA PUBLICACIÓN
Periodicidad actual Mensual
362 0# - DATOS DE LA PUBLICACIÓN Y/O DESIGNACIÓN SECUENCIAL
Fecha de publicación y;o designación secuencial N.1 (marzo 2005)-
500 ## - NOTA GENERAL
Nota general ISSN en trámite
541 ## - NOTA DE LA FUENTE INMEDIANTE DE ADQUISICIÓN
Forma de adquisición Gratuito
650 #4 - ASIENTO SECUNDARIO DE MATERIA--TÉRMINO DE MATERIA
Término de materia o nombre geográfico como elemento inicial derecho medioambiental
9 (RLIN) 30801
650 #4 - ASIENTO SECUNDARIO DE MATERIA--TÉRMINO DE MATERIA
Término de materia o nombre geográfico como elemento inicial política ambiental
9 (RLIN) 29422
650 #4 - ASIENTO SECUNDARIO DE MATERIA--TÉRMINO DE MATERIA
Término de materia o nombre geográfico como elemento inicial desarrollo sostenible
9 (RLIN) 30785
650 #4 - ASIENTO SECUNDARIO DE MATERIA--TÉRMINO DE MATERIA
Término de materia o nombre geográfico como elemento inicial protección ambiental
9 (RLIN) 29423
650 #4 - ASIENTO SECUNDARIO DE MATERIA--TÉRMINO DE MATERIA
9 (RLIN) 28715
Término de materia o nombre geográfico como elemento inicial medio ambiente
653 10 - TÉRMINO DE INDEXACIÓN--NO CONTROLADO
Término no controlado Medio ambiente
780 00 - ENTRADA ANTERIOR
Título Revista interdisciplinar de gestión ambiental
Número de control del registro relacionado (ES-MaCES)25790
853 21 - LEYENDAS Y PATRÓN--UNIDAD BIBLIOGRÁFICA BÁSICA
Segundo nivel de enumeración n.
Primer nivel de cronología año
Segundo nivel de cronología mes
Continuidad en la numeración c
Frecuencia m
856 42 - ACCESO ELECTRÓNICO
Identificador Uniforme del Recurso (URI) https://dialnet.unirioja.es/servlet/revista?codigo=6052
Texto del enlace tabla de contenido a través de Dialnet
866 #0 - FUENTES TEXTUALES--UNIDAD BIBLIOGRÁFICA BÁSICA
Holdings textuales 2005-2006.
Nota pública Ubicación: DEPÓSITO - 55/1035
905 ## - CES. DATOS REVISTA
Boletín de sumarios (Sirtex 591$a) Boletín C
Proceso +
942 ## - ELEMENTOS KOHA
Fuente de clasificaión o esquema Clasificación propia del CES
Koha [por defecto] tipo de item Periódicas
Parte de clasificación Medio Ambiente
Existencias
Serie de enumeración ; cronología Número de registro Préstamos totales Tipo de item de Koha
n. 3 mayo 2005 061014   Periódicas
n. 4 jun. 2005 061265   Periódicas
n. 2 abr. 2005 061266   Periódicas
n. 1 marzo 2005 061267   Periódicas
n. 5, jul. 2005 061397   Periódicas
n. 6- 7 (ago. - sep. 2005) 061988   Periódicas
n. 8 oct. 2005 062398   Periódicas
n. 9 nov. 2005 062547   Periódicas
n. 10 dic. 2005 062967   Periódicas
n. 11 (en. 2006) 063908   Periódicas
n. 12 (feb. 2006) 063942   Periódicas
n. 13 (marzo 2006) 063943   Periódicas
© CES, Consejo Económico y Social de España 2021